000 00543cam a2200205 4500
001 D15487
008 090401t1980 xxu||||| |||| 00| 0 eng d
035 _a(Sirsi) u23150
041 _aeng
050 _a306.026
110 _aRoyal Institution of Chartered Surveyors
_94900
245 4 _aThe Housing Bill. One-day conference [at] RICS, 27 March 1980
260 _bRICS
_c1980
300 _a4 papers
350 _a0
520 _aFiled in box 1980/5 A
710 _aGeneral Practice Division
_9752
942 _n0
948 _c04/03/1997
999 _c88330
_d88330